| 000 | 00516nam a2200133Ia 4500 | ||
|---|---|---|---|
| 008 | 171212s9999 xx 000 0 und d | ||
| 020 | _a9780874217223 | ||
| 100 | _aSmart, William B. | ||
| 245 |
_cSmart, William B. _aMormonism's Last Colonizer _bThe Life and Times of William H. Smart |
||
| 260 |
_bUniversity Press of Colorado _c2008 |
||
| 650 | _aHistory | ||
| 650 | _aSmart, William H. (William Henry), 1862-1937; Mormons -- Utah -- Biography; Utah -- History | ||
| 856 | _uwww.jstor.org/stable/10.2307/j.ctt4cgnsw | ||
| 999 |
_c353115 _d353115 |
||